| Поле | Инд. | ПП | Название | Значение |
|---|---|---|---|---|
| Тип записи | a | |||
| Библиографический уровень | b | |||
| 001 | Контрольный номер | RU/IS/BASE/138121356 | ||
| 005 | Дата корректировки | 20200610181712.1 | ||
| 084 | a | Индекс другой классификации/Индекс ББК | 60.028.13 | |
| a | Индекс другой классификации/Индекс ББК | 66.053; 66.01; 60.000.3 | ||
| 100 | 1_ | a | Автор | Баранов А. С. |
| q | Полное имя | Баранов Александр Сергеевич | ||
| 245 | a | Заглавие | Терроризм и гражданское мученичество в европейской политической культуре Нового и Новейшего времени | |
| 504 | a | Библиография | Библиогр.: с. 88 | |
| 650 | a | Основная рубрика | политика | |
| a | Основная рубрика | политическая философия (философия политики) | ||
| a | Основная рубрика | политология | ||
| a | Основная рубрика | социальная философия | ||
| a | Основная рубрика | философия | ||
| 653 | a | Ключевые слова | государственный терроризм | |
| a | Ключевые слова | гражданское мученичество | ||
| a | Ключевые слова | мировое сообщество | ||
| a | Ключевые слова | общественное сознание | ||
| a | Ключевые слова | политическая борьба | ||
| a | Ключевые слова | политическая культура | ||
| a | Ключевые слова | политические отношения | ||
| a | Ключевые слова | Россия | ||
| a | Ключевые слова | терроризм | ||
| 773 | t | Заглавие источника | Общественные науки и современность | |
| d | Дата издания источника | 2004 | ||
| g | Прочая информация | № 1. - С. 77 - 88 | ||
| w | Контрольный № источника | RU/IS/BASE/129046545 | ||
| 901 | t | Тип документа | b |